Machinery of negotiation for railway staff (Record no. 500152)

000 -LEADER
fixed length control field 00386cam a22001097a 4500
008 - FIXED-LENGTH DATA ELEMENTS--GENERAL INFORMATION
fixed length control field 180718b1956 xxu||||| |||| 00| 0 eng d
082 ## - DEWEY DECIMAL CLASSIFICATION NUMBER
Classification number K7x42 Un3m
245 ## - TITLE STATEMENT
Title Machinery of negotiation for railway staff
Statement of responsibility, etc. by British Transport Commission, United Kingdom
260 ## - PUBLICATION, DISTRIBUTION, ETC.
Place of publication, distribution, etc. London
Name of publisher, distributor, etc. British Transport Commission
Date of publication, distribution, etc. 1956
300 ## - PHYSICAL DESCRIPTION
Extent 39+p.
700 ## - ADDED ENTRY--PERSONAL NAME
Personal name United Kingdom. British Transport Commission
Holdings
Withdrawn status Lost status Damaged status Not for loan Permanent Location Current Location Date acquired Full call number Barcode Date last seen Price effective from Koha item type
        Indian Institute of Public Administration Indian Institute of Public Administration 2018-08-04 K7x42 Un3m GG8606 2018-08-04 2018-08-04 GG

Powered by Koha